Industry and development global report 1991/1992 (Record no. 40424)

MARC details
000 -LEADER
fixed length control field 00391nam a2200145Ia 4500
082 ## - DEWEY DECIMAL CLASSIFICATION NUMBER
Classification number 661.1(047)
Item number UNI
245 #0 - TITLE STATEMENT
Title Industry and development global report 1991/1992
260 ## - PUBLICATION, DISTRIBUTION, ETC. (IMPRINT)
Place of publication Vienna
Name of publisher UNIDO
Year of publication 1991
650 ## - SUBJECT ADDED ENTRY--TOPICAL TERM
Topical Term Automotive tyres
650 ## - SUBJECT ADDED ENTRY--TOPICAL TERM
Topical Term Chemical industries
650 ## - SUBJECT ADDED ENTRY--TOPICAL TERM
Topical Term Natural fibres
650 ## - SUBJECT ADDED ENTRY--TOPICAL TERM
Topical Term Paper industry
942 ## - ADDED ENTRY ELEMENTS (KOHA)
Koha item type Books
Holdings
Withdrawn status Lost status Damaged status Not for loan Home library Current library Date acquired Cost, normal purchase price Full call number Accession Number Koha item type
        RRII Library RRII Library 16/12/2021 55.00 661.1(047) UNI 20723 Books